000 00561nam a22002297a 4500
001 86508
003 UA-OsUOA
005 20211105204340.0
007 ta
008 20120904b un ||||| |||| 00| 0 ukr d
040 _aUA-OsUOA
_brus
_cUA-OsUOA
_dUA-OsUOA
041 _arus
080 _a94(470+571)
090 _a94(470+571)
_bН56
100 _aНестеров Ф.
245 _aСвязь времен
260 _aМ.
_bМолодая гвардия
_c1987
300 _a239 с.
650 7 _a94 Історія
_2UDC
942 _cBK
_2udc
955 _a2
999 _c372576
_d372576